<?xml version="1.0" encoding="UTF-8"?>
<collection xmlns="http://www.loc.gov/MARC21/slim">
 <record>
  <leader>02017nam a2200241Ia 4500</leader>
  <controlfield tag="001">CTU_236565</controlfield>
  <controlfield tag="008">210402s9999    xx            000 0 und d</controlfield>
  <datafield tag="082" ind1=" " ind2=" ">
   <subfield code="a">352.2</subfield>
  </datafield>
  <datafield tag="082" ind1=" " ind2=" ">
   <subfield code="b">Ph534</subfield>
  </datafield>
  <datafield tag="088" ind1=" " ind2=" ">
   <subfield code="a">8340101</subfield>
  </datafield>
  <datafield tag="100" ind1=" " ind2=" ">
   <subfield code="a">Lê, Kim Phụng</subfield>
  </datafield>
  <datafield tag="245" ind1=" " ind2="0">
   <subfield code="a">Đánh giá sự hài lòng của người dân về chất lượng dịch vụ hành chính công ở lĩnh vực đất đai tại quận Ninh Kiều, thành phố Cần Thơ :</subfield>
  </datafield>
  <datafield tag="245" ind1=" " ind2="0">
   <subfield code="b">Luận văn Thạc sĩ. Ngành quản lý kinh tế</subfield>
  </datafield>
  <datafield tag="245" ind1=" " ind2="0">
   <subfield code="c">Lê Kim Phung ; Bùi Văn Trịnh (cán bộ hướng dẫn)</subfield>
  </datafield>
  <datafield tag="260" ind1=" " ind2=" ">
   <subfield code="a">Cần Thơ</subfield>
  </datafield>
  <datafield tag="260" ind1=" " ind2=" ">
   <subfield code="b">Trường Đại học Cần Thơ</subfield>
  </datafield>
  <datafield tag="260" ind1=" " ind2=" ">
   <subfield code="c">2020</subfield>
  </datafield>
  <datafield tag="520" ind1=" " ind2=" ">
   <subfield code="a">Nghiên cứu này được thực hiện nhằm đánh giá sự hài lòng của người dân khi tham gia giải quyết các thủ tục hành chính công ở lĩnh vực đất đai tại quận Ninh Kiều, thành phố Cần Thơ. Với các mục tiêu cụ thể là hoàn thiện những vấn đề lý luận và thực tiễn liên quan đến sự hài lòng của người dân đối với dịch vụ hành chính công, phân tích sự hài lòng của người dân đối với dịch vụ hành chính công về lĩnh vực đất đai tại quận Ninh Kiều, thành phố Cần Thơ, đề xuất một số giải pháp để UBND quận Ninh Kiều nâng cao chất lượng dịch vụ nhằm nâng cao sự hài lòng của người dân đối với chất lượng dịch vụ hành chính công về lĩnh vực đất đai tại quận Ninh Kiều.</subfield>
  </datafield>
  <datafield tag="650" ind1=" " ind2=" ">
   <subfield code="a">Hành chính công,Public administration</subfield>
  </datafield>
  <datafield tag="650" ind1=" " ind2=" ">
   <subfield code="z">Việt Nam,Viet Nam</subfield>
  </datafield>
  <datafield tag="904" ind1=" " ind2=" ">
   <subfield code="i">Tuyến</subfield>
  </datafield>
  <datafield tag="910" ind1=" " ind2=" ">
   <subfield code="c">tvtrong</subfield>
  </datafield>
  <datafield tag="980" ind1=" " ind2=" ">
   <subfield code="a">Trung tâm Học liệu Trường Đại học Cần Thơ</subfield>
  </datafield>
 </record>
</collection>
